| 000 | 00423nam a2200169Ia 4500 | ||
|---|---|---|---|
| 008 | 151213s9999 xx 000 0 und d | ||
| 020 | _a984-8711-12-5 | ||
| 100 | _aAhamuduzzaman | ||
| 245 |
_aLegal History & Legal System Of Bangladesh _cAhamuduzzaman |
||
| 250 | _a2nd | ||
| 260 |
_aDhaka _bSums Publications _c2008 |
||
| 300 | _a6806 p. | ||
| 650 | _aLaw | ||
| 650 | _aLaw | ||
| 700 | _aAhamuduzzaman | ||
| 999 |
_c3682 _d3682 |
||